000 00798cam a2200241 a 4500
001 000020183
003 UkOxU
005 20250128171937.0
008 980119s1995 sp 000 j spa d
020 _a9788420633176
040 _aDO-SdBNP
_bspa
_cBNPHU
082 _a809
_bB732b, 1995
100 1 _aBorges, Jorge Luis,
_d1899-1986
_94173
245 1 0 _aBiblioteca personal /
_cJorge Luis Borges.
260 _aMadrid, (España) :
_bAlianza,
_c1995.
300 _a173 p. ;
_c18 cm.
490 1 _aBiblioteca de autor
500 _aLa biblioteca posee la 4ta. reimpresión del 2000
600 1 0 _aBorges, Jorge Luis,
_d1899-1986
_94173
650 4 _aLiteratura moderna,
_xHistoria y crítica
_910738
650 4 _aLiteratura
_xEnsayos, conferencias, etc,
_98705
830 0 _aBiblioteca de autor
_912941
999 _c19690
_d19690